Tutto il bene del mondo /

Kaydedildi:
Detaylı Bibliyografya
Yazar: Ackerley, J. R. (Yazar)
Diğer Yazarlar: Tuccini, Giona
Materyal Türü: Kitap
Dil:İtalyanca
Baskı/Yayın Bilgisi: Roma : Voland, 2010
Seri Bilgileri:Intrecci
Etiketler: Etiketle
Etiket eklenmemiş, İlk siz ekleyin!

MARC

LEADER 00000nam a22000007i 4500
001 IT\ICCU\RAV\1893947
003 ItRI
005 20260222223830.0
008 100413s2010 it |||||| ||||| |||||c
020 |a 9788862430494 
040 |b ita  |c ct 
041 7 |a ita  |2 ISO-639-2 
082 |a 823.912  |2 20 
100 1 |a Ackerley, J. R.  |0 IT\ICCU\CFIV\065404  |4 aut 
240 1 0 |a We think the world of you. -  |9 Ackerley, J. R. 
245 1 0 |a Tutto il bene del mondo /  |c J.R. Ackerley ; traduzione e cura di Giona Tuccini. 
260 |a Roma :  |b Voland,  |c 2010 
300 |a 169 p. ;  |c 21 cm. 
700 1 |a Tuccini, Giona  |0 IT\ICCU\CFIV\208044 
830 0 |a Intrecci  |0 IT\ICCU\LO1\0516704 
942 |2 ddc  |c BK 
952 |0 0  |1 0  |2 ddc  |4 0  |6 B_LNR02ACKJOTUT11  |7 0  |9 7484  |a MI  |b MI  |d 2011-02-25  |i 6077  |l 0  |o B-LNR02-ACKJO-TUT11  |p CDOM6077  |r 2025-07-13 16:28:41  |w 2025-07-13  |x DONO  |y BK 
952 |0 0  |1 0  |4 0  |6 DOC_813_600000000000000_ACK  |7 0  |9 20437  |a BO  |b BO  |d 2026-01-15  |i 14428  |l 0  |o DOC 813.6 ACK  |p BO14428  |r 2026-01-15 23:21:24  |w 2026-01-15  |x [Sebina 5] [1 v.]  |y BK  |z 1 v. 
999 |c 6179  |d 6179